00803nam a2200217Ia 4500001000700000003000500007008004100012010001100053020001800064040000900082082001600091245009400107260007400201300001500275503006100290504004900351650003800400650003400438700003900472710007400511Z_6088CHAP220113sc200 xx 000 0 und d a169319 a968-426-892-0 cCHAP a615.902 D36 aDaños a la salud por plaguicidas /ccoordinadores Octavio Rivero Serrano ... [et al.]. aMéxico :bUNAM, Facultad de Medicina :,bEl Manual Moderno,cc200 axi, 488 p. aej.1: Ej.1: Donado por la Profa. Maldonado Simán, Ema aBibliografía: p. 487-488, Incluye índice aPlaguicidasxAspectos ambientales aToxicología de plaguicidas  aI. Rivero Serrano, Octavio, coord. aII. Universidad Nacional Autónoma de México, Facultad de Medicina